Statistiques concernant Culture Générale - Série 634

Cliquez ici pour prendre le quiz!

Statistiques générales

  • Ce quiz a été pris 73 fois
  • Le résultat moyen est 7 sur 10

Statistiques - réponses

QuestionRéponse% Correct
Qu'est-ce qui peut être aigu, grave ou circonflexe ?accent
98%
Quel fruit a donné son nom à la partie percée de petits trous, fixée sur le flexible de la douche ?pomme
97%
Quel maillot de bain deux pièces, chanté par Dalida, porte le nom d'un îlot du Pacifique ?bikini
95%
Qu'est-ce qui peut être coulant, papillon ou marin ?noeud
92%
Selon l'expression, quel animal noie-t-on lorsque l'on embrouille volontairement une explication dans le but de cacher quelque chose ?poisson
88%
Sur la façade du Panthéon à Paris, il est écrit "Aux grands hommes, la patrie...reconnaissante
73%
Quel fils de Zeus est le protecteur des marchands, des voyageurs et des voleurs ?Hermès
56%
Dans quel département vous trouvez-vous si vous achetez des nougats à Montélimar ?Drôme
56%
Quel nom d'oiseau de basse-cour désignait autrefois un billet doux ?poulet
50%
Quel traité de partage de l'empire d'Occident, a été conclu en 843, entre les fils de Louis Ier le Pieux ?Le traité de Verdun
23%

Distribution des résultats

Percentile par nombre de réponses

% des personnes avec chaque résultat

Votre développement - résultats

Vous n’avez pas pris ce quiz